Statistiken für Allgemeinwissen Spezial 2

Klicken Sie hier um das Quiz zu spielen!

Allgemein

  • Dieses Quiz wurde 95 mal gespielt
  • Das Durchschnittsergebnis liegt bei 8 aus 20

Antwortstatistiken

HintAntwort% Korrekt
Wer erfand den Buchdruck ?Johannes Gutenberg
88%
Wann wurde die Berliner Mauer fertiggestellt ?1961
75%
Wie viele US Präsidenten wurden ermordet ?4
68%
Welcher römische Gott ist äquivalent zu Poseidon ?Neptun
62%
Welche amerikanischen Region beheimatet viele wichtige IT Unternehmen ?Silicon Valley
58%
Wer war amerikanischer Präsident während der Kuba Krise ?John F. Kennedy
54%
Wie heißen in Star Wars die Gegner der Jedi ?Sith
54%
Wie hieß der faschistische Führer Italiens während des zweiten Weltkrieges?Benito Mussolini
53%
Wann endete der Vietnam Krieg ?1975
47%
Wer war der zweite Mensch auf dem Mond ?Buzz Aldrin
36%
Wie hieß der zusammenhängende Urkontinent der Erde ?Pangäa
33%
Welcher Schauspieler verkörperte James Bond am häufigsten ?Roger Moore
33%
Wie wird der Krieg zwischen England und Argentinien genannt ?Falklandkrieg
32%
Welcher Mensch erreichte zuerst den Südpol ?Roald Amundsen
27%
Welches Musik Genre wurde in Deutschland Ende der 70er populär ?Neue deutsche Welle
18%
Wer war der erste Torschützenkönig der BundesligaUwe Seeler
18%
Welcher Trainer gewann die Fußball Bundesliga am häufigsten ?Udo Lattek
16%
Welche amerikanische Bank ging im Zuge der Wirtschaftskrise 2008 insolvent ?Lehman Brothers
13%
Welcher europäische Fußballverein hat die meisten nationalen Meistertitel ?Glasgow Rangers
12%
Welches in Europa beheimatete Tier ist das Größte ?Eisbär
9%

Verteilung der Resultate

Perzentil nach korrekt beantworteten Fragen

Anzahl Personen mit jedem Resultat

Ihre Resultats-Entwicklung

Sie haben dieses Quiz noch nicht gespielt